Nositelé Nobelovy ceny za ekonomii 1990

V roku 1990 získali Nobelovu cenu za ekonómiu traja Američania za priekopnícke práce v oblasti ekonómie financií a financií korporácií. H.M. Markowitz bol ocenený za rozpracovanie modernej teórie portfólia, W.F. Sharpe za vytvorenie modelu tvorby ceny kapitálových aktív a M.H. Miller za položenie zá...

Celý popis

Uložené v:
Podrobná bibliografia
Hlavný autor: Sirůček, Pavel
Médium: Kapitola
Jazyk:Czech
Predmet:
Tagy: Pridať tag
Žiadne tagy, Buďte prvý, kto otaguje tento záznam!

MARC

LEADER 00000naa$a2200000$$$4500
001 0078278
005 20231116104617.7
041 0 |a cze 
044 |a CZ 
245 1 0 |a Nositelé Nobelovy ceny za ekonomii 1990  |c Pavel Sirůček 
520 |a V roku 1990 získali Nobelovu cenu za ekonómiu traja Američania za priekopnícke práce v oblasti ekonómie financií a financií korporácií. H.M. Markowitz bol ocenený za rozpracovanie modernej teórie portfólia, W.F. Sharpe za vytvorenie modelu tvorby ceny kapitálových aktív a M.H. Miller za položenie základov teórie financií korporácií a formuláciu Modigliani-Millerových viet. 
610 2 0 |a Nobelova cena 
610 2 0 |a Markowitz, H. 
610 2 0 |a Miller, M 
610 2 0 |a Sharpe, W. 
610 2 0 |a 1990 
610 2 0 |a veda ekonomická 
100 1 |a Sirůček, Pavel